Flags of the provinces of Finland - Statistics

General Stats
  • This quiz has been taken 5 times
  • The average score is 10 of 19
Answer Stats
Picture Answer % Correct
Åland
100%
Uusimaa
80%
Kymenlaakso
60%
Lapland
60%
North Karelia
60%
Ostrobothnia
60%
Pirkanmaa
60%
Satakunta
60%
Central Finland
40%
Central Ostrobothnia
40%
Kainuu
40%
Kanta-Häme
40%
North Ostrobothnia
40%
North Savonia
40%
Päijät-Häme
40%
South Karelia
40%
South Ostrobothnia
40%
South Savonia
40%
Southwest Finland
40%
No matching quizzes found
Score Distribution
Percent of People with Each Score
Percentile by Number Answered
Your Score History
You have not taken this quiz